A coaching szerepe és jelentősége napjainkban a munkahelyen

Bibliográfiai részletek
Szerző: Gajárszky Nóra
További közreműködők: Benkei-Kovács Dr. Balázs
Dokumentumtípus: Diplomadolgozat
Kulcsszavak:coaching
kiégés
önismeret
stresszkezelés
teljesítmény
Online Access:http://dolgozattar.uni-bge.hu/59500

MARC

LEADER 00000nta a2200000 i 4500
001 dolg59500
005 20260409145141.0
008 260409suuuu hu om 000 hun d
040 |a BGE Dolgozattár Repozitórium  |b hun 
041 |a hu 
100 1 |a Gajárszky Nóra 
245 1 2 |a A coaching szerepe és jelentősége napjainkban a munkahelyen  |c Gajárszky Nóra  |h [elektronikus dokumentum] 
520 3 |a Dolgozatom középpontjában a coaching módszerek fontosságának a megismerése áll munkahelyi viszonylatban, illetve ezek kapcsolata a munkahelyi stresszel, a kiégéssel és a vezetők fejlesztésével. Nagy hangsúlyt helyezek még az önismeretre, az érzelmi intelligenciára és ezek kiemelkedő fontosságára a coachingban és a magánéletben egyaránt. Továbbá ismeretetem a munkahelyi stressz és a kiégés tüneteit, valamint azt is, hogyan lehet csökkenteni és kezelni a munkavállalókat érő stresszt, illetve megelőzni a kiégést esetükben. Ezen kívül dolgozatomban foglalkozom még a vezetők fejlesztésének a fontosságával, valamint a munkavállalókra és a munkahelyre gyakorolt jótékony hatásával. Kutatásomban keresem a válaszokat arra, hogyan segítenek a coaching módszerek a munkavállalók teljesítményének a növelésében, valamint az őket érő stressz csökkentésében és kezelésében. 
695 |a coaching 
695 |a kiégés 
695 |a önismeret 
695 |a stresszkezelés 
695 |a teljesítmény 
700 1 |a Benkei-Kovács Dr. Balázs  |e ths 
856 4 0 |u http://dolgozattar.uni-bge.hu/59500/1/Gaj%C3%A1rszky%20N%C3%B3ra%20WD0SXE%20Szakdolgozat.pdf  |z Dokumentum-elérés 
856 4 0 |u http://dolgozattar.uni-bge.hu/59500/2/BKB_Gaj%C3%A1rszky%20N%C3%B3ra_KSZ%20%C3%A9s%20MH%20b%C3%ADr%C3%A1lati%20lap%202025.pdf  |z Dokumentum-elérés 
856 4 0 |u http://dolgozattar.uni-bge.hu/59500/3/Gaj%C3%A1rszky_N%C3%B3ra_b%C3%ADr%C3%A1lati_lap.pdf  |z Dokumentum-elérés